[Event "17PCR_ZK14"]
[Site "?"]
[Date "2007.??.??"]
[Round "?"]
[White "Jezek, Otakar"]
[Black "Stalmach, Kamil"]
[Result "0-1"]
[WhiteElo "1867"]
[BlackElo "2397"]
[PlyCount "52"]
[EventDate "2007.??.??"]
[EventType "corr"]
[EventRounds "2"]
[SourceDate "2007.06.28"]

1. Nf3 Nf6 2. Nc3 d5 3. d4 c5 4. dxc5 Nc6 5. e3 e6 6. Bd3 Bxc5 7. O-O O-O 8. e4
d4 9. Na4 Bd6 10. c3 e5 11. cxd4 exd4 12. Bg5 Bg4 13. h3 Bh5 14. b3 h6 15. Bh4
Re8 16. Re1 Bb4 17. Re2 Qd7 18. Qf1 Bxf3 19. gxf3 Ne5 20. Bxf6 gxf6 21. Rc2
Nxd3 22. Qxd3 Qxh3 23. Qf1 Qh5 24. Qg2+ Kh8 25. Qh2 Rg8+ 26. Kh1 Qxf3+ 0-1

[Event "17PCR_ZK14"]
[Site "?"]
[Date "2007.??.??"]
[Round "?"]
[White "Stalmach, Kamil"]
[Black "Urban, Milos"]
[Result "1-0"]
[WhiteElo "2397"]
[BlackElo "1734"]
[PlyCount "31"]
[EventDate "2007.??.??"]
[EventType "corr"]
[EventRounds "2"]
[SourceDate "2007.06.28"]

1. e4 e5 2. Nf3 Nf6 3. Nxe5 d6 4. Nf3 Nxe4 5. d4 d5 6. Bd3 Nc6 7. O-O Be7 8. c4
Bg4 9. Nc3 Nxc3 10. bxc3 O-O 11. Re1 dxc4 12. Bxc4 Na5 13. Bd3 Bf6 14. Rb1 b6
15. Bf4 Bxf3 16. Qxf3 1-0

[Event "17PCR_ZK14"]
[Site "?"]
[Date "2007.??.??"]
[Round "?"]
[White "Urban, Milos"]
[Black "Stalmach, Kamil"]
[Result "0-1"]
[WhiteElo "1734"]
[BlackElo "2397"]
[PlyCount "32"]
[EventDate "2007.??.??"]
[EventType "corr"]
[EventRounds "2"]
[SourceDate "2007.06.28"]

1. e4 c5 2. Nf3 d6 3. d4 cxd4 4. Nxd4 Nf6 5. Nc3 a6 6. Bg5 e6 7. f4 Qb6 8. Qd2
Qxb2 9. Rb1 Qa3 10. e5 dxe5 11. fxe5 Nfd7 12. Bc4 Qa5 13. Bxe6 fxe6 14. Nxe6
Nxe5 15. Bd8 Nd3+ 16. Qxd3 Qe5+ 0-1

[Event "17PCR_ZK14"]
[Site "?"]
[Date "2007.??.??"]
[Round "?"]
[White "Urban, Milos"]
[Black "Jezek, Otakar"]
[Result "0-1"]
[WhiteElo "1734"]
[BlackElo "1867"]
[PlyCount "24"]
[EventDate "2007.??.??"]
[EventType "corr"]
[EventRounds "2"]
[SourceDate "2007.06.28"]

1. e4 e5 2. Nf3 Nf6 3. Nxe5 Qe7 4. d4 d6 5. Nf3 Qxe4+ 6. Be3 Ng4 7. Qd2 Nxe3 8.
Qxe3 Qxe3+ 9. fxe3 Be7 10. Be2 O-O 11. O-O Nd7 12. Nc3 Nf6 0-1

[Event "17PCR_ZK14"]
[Site "?"]
[Date "2007.??.??"]
[Round "?"]
[White "Jezek, Otakar"]
[Black "Urban, Milos"]
[Result "1-0"]
[WhiteElo "1867"]
[BlackElo "1734"]
[PlyCount "23"]
[EventDate "2007.??.??"]
[EventType "corr"]
[EventRounds "2"]
[SourceDate "2007.06.28"]

1. Nf3 d5 2. d4 Nf6 3. e3 e6 4. Bd3 Nbd7 5. O-O Bd6 6. Nbd2 O-O 7. c4 dxc4 8.
Nxc4 Nb6 9. Nxb6 axb6 10. e4 Be7 11. Qc2 Ne8 12. Rd1 1-0

[Event "17PCR_ZK14"]
[Site "?"]
[Date "2007.??.??"]
[Round "?"]
[White "Necesany, Zdenek"]
[Black "Urban, Milos"]
[Result "1-0"]
[WhiteElo "2188"]
[BlackElo "1734"]
[PlyCount "27"]
[EventDate "2007.??.??"]
[EventType "corr"]
[EventRounds "2"]
[SourceDate "2007.06.28"]

1. c4 Nf6 2. d4 e6 3. Nc3 Bb4 4. f3 d5 5. a3 Bd6 6. c5 Be7 7. b4 c6 8. e3 O-O
9. Bd2 Nbd7 10. Bd3 e5 11. Nge2 Qc7 12. O-O exd4 13. exd4 h6 14. Bf4 1-0

[Event "17PCR_ZK14"]
[Site "?"]
[Date "2007.??.??"]
[Round "?"]
[White "Urban, Milos"]
[Black "Necesany, Zdenek"]
[Result "0-1"]
[WhiteElo "1734"]
[BlackElo "2188"]
[PlyCount "28"]
[EventDate "2007.??.??"]
[EventType "corr"]
[EventRounds "2"]
[SourceDate "2007.06.28"]

1. e4 e5 2. Nf3 Nc6 3. Bb5 Nf6 4. O-O Nxe4 5. d4 Be7 6. Qe2 Nd6 7. Bxc6 bxc6 8.
dxe5 Nb7 9. Nc3 O-O 10. Re1 Nc5 11. Be3 Ne6 12. Rad1 d5 13. exd6 cxd6 14. Nd4
Nxd4 0-1

[Event "17PCR_ZK14"]
[Site "?"]
[Date "2007.??.??"]
[Round "?"]
[White "Dirgas, Josef"]
[Black "Luksa, Ales"]
[Result "1-0"]
[WhiteElo "2000"]
[BlackElo "1800"]
[PlyCount "37"]
[EventDate "2007.??.??"]
[EventType "corr"]
[EventRounds "2"]
[SourceDate "2007.06.28"]

1. e4 c5 2. Nf3 Nc6 3. Nc3 Nf6 4. Bb5 Qc7 5. O-O Nd4 6. Bc4 e6 7. d3 a6 8. Bb3
Bd6 9. h3 Nxf3+ 10. Qxf3 O-O 11. Qe2 b5 12. f4 b4 13. Nd1 Be7 14. e5 Nd5 15.
Bxd5 exd5 16. Ne3 Qc6 17. c4 bxc3 18. bxc3 f5 19. Rb1 1-0

[Event "17PCR_ZK14"]
[Site "?"]
[Date "2007.??.??"]
[Round "?"]
[White "Luksa, Ales"]
[Black "Dirgas, Josef"]
[Result "0-1"]
[WhiteElo "1800"]
[BlackElo "2000"]
[PlyCount "34"]
[EventDate "2007.??.??"]
[EventType "corr"]
[EventRounds "2"]
[SourceDate "2007.06.28"]

1. e4 e5 2. Nf3 Nc6 3. Bc4 Bc5 4. d3 Nf6 5. c3 d6 6. O-O a6 7. Bb3 O-O 8. Nbd2
Ba7 9. Nc4 h6 10. Ne3 Na5 11. Bc2 Re8 12. b4 Nc6 13. a4 Ne7 14. Bb3 c6 15. Re1
Ng6 16. Nf5 Bxf5 17. exf5 Ne7 0-1

[Event "17PCR_ZK14"]
[Site "?"]
[Date "2007.??.??"]
[Round "?"]
[White "Stalmach, Kamil"]
[Black "Jezek, Otakar"]
[Result "1-0"]
[WhiteElo "2397"]
[BlackElo "1867"]
[PlyCount "91"]
[EventDate "2007.??.??"]
[EventType "corr"]
[EventRounds "2"]
[SourceDate "2007.06.28"]

1. e4 e5 2. Nf3 Nf6 3. Nxe5 Qe7 4. d4 d6 5. Nf3 Qxe4+ 6. Be2 Be7 7. O-O O-O 8.
Re1 Qc6 9. c4 Re8 10. Nc3 Qb6 11. Bg5 Qxb2 12. Nb5 Bd8 13. a4 a6 14. Rb1 Qxb1
15. Qxb1 axb5 16. cxb5 h6 17. Bxf6 Bxf6 18. Bc4 Rxe1+ 19. Qxe1 Kf8 20. Qb4 Nd7
21. Bb3 Ke8 22. Qc4 Kd8 23. h4 Nb6 24. Qxf7 Bg4 25. Nd2 Bd7 26. Qf8+ Be8 27.
Bf7 Kd7 28. a5 Na4 29. Bd5 Rd8 30. Ne4 Kc8 31. Nxf6 gxf6 32. Be6+ Bd7 33. Bxd7+
Kxd7 34. Qf7+ Kc8 35. Qb3 Re8 36. Qxa4 Re1+ 37. Kh2 h5 38. b6 Re7 39. a6 bxa6
40. Qxa6+ Kd7 41. b7 Re8 42. Qb5+ c6 43. Qxh5 Rf8 44. Qg4+ Ke7 45. h5 Rb8 46.
Qc8 1-0

[Event "17PCR_ZK14"]
[Site "?"]
[Date "2007.??.??"]
[Round "?"]
[White "Dirgas, Josef"]
[Black "Jezek, Otakar"]
[Result "1-0"]
[WhiteElo "2000"]
[BlackElo "1867"]
[PlyCount "89"]
[EventDate "2007.??.??"]
[EventType "corr"]
[EventRounds "2"]
[SourceDate "2007.06.28"]

1. e4 e5 2. Nf3 Nc6 3. Bb5 Nf6 4. O-O Bc5 5. Nxe5 O-O 6. Bxc6 dxc6 7. d3 Qe7 8.
Nf3 Bg4 9. h3 Bh5 10. Bf4 Bb6 11. Nbd2 Nd7 12. g4 Bg6 13. a4 a5 14. Nc4 Rfe8
15. Qd2 Qf6 16. Kg2 Qe6 17. Qc3 h5 18. g5 Bh7 19. Nfd2 Qg6 20. Kh2 h4 21. Nxb6
cxb6 22. Rg1 Qh5 23. Rg4 Bg6 24. Nc4 Re6 25. Qd4 Re7 26. Nxb6 Nxb6 27. Qxb6 Bh7
28. Qd4 Rc8 29. Qa7 Rce8 30. Ra3 Qg6 31. Rb3 b5 32. Qxa5 bxa4 33. Qxa4 Qe6 34.
Rb6 Rc8 35. Rxh4 Qd7 36. Kg2 Ree8 37. Qc4 Re6 38. Be3 Re5 39. f4 Re7 40. Bd4
Ree8 41. Qc3 f6 42. gxf6 gxf6 43. Rg4+ Kf7 44. Qb3+ Qe6 45. Rb7+ 1-0

[Event "17PCR_ZK14"]
[Site "?"]
[Date "2007.??.??"]
[Round "?"]
[White "Jezek, Otakar"]
[Black "Dirgas, Josef"]
[Result "0-1"]
[WhiteElo "1867"]
[BlackElo "2000"]
[PlyCount "101"]
[EventDate "2007.??.??"]
[EventType "corr"]
[EventRounds "2"]
[SourceDate "2007.06.28"]

1. Nf3 Nf6 2. d4 d5 3. e3 g6 4. c4 Bg7 5. Nc3 O-O 6. Qb3 e6 7. Bd3 b6 8. O-O
Bb7 9. cxd5 exd5 10. Bd2 Nbd7 11. Qc2 c5 12. dxc5 bxc5 13. Rfe1 Re8 14. b3 Rc8
15. Nb5 c4 16. Be2 Ne4 17. Rab1 c3 18. Bc1 a6 19. Nbd4 Qf6 20. Rf1 Qe7 21. b4
Nb6 22. Rd1 Nc4 23. Rb3 Rc7 24. Bf1 Bc8 25. a4 Ncd2 26. Bxd2 cxd2 27. Qb2 Bg4
28. Be2 Rec8 29. Rd3 Bxd4 30. Rxd4 Rc2 31. Qb3 Rc1 32. h3 Be6 33. Qd3 Rxd1+ 34.
Bxd1 Rc1 35. Qb3 Qc7 36. Nxd2 Nc3 37. Nf1 Rb1 38. Qa3 Nxd1 39. Nd2 Rb2 40. Qa1
Rc2 41. g3 Rc1 42. Qa3 Nxe3+ 43. Kh2 Re1 44. Qb2 Re2 45. Rf4 Rxd2 46. Qa1 d4
47. Qe1 Rd1 48. Qe2 Bd5 49. f3 Qc1 50. g4 Rd2 51. Qxd2 0-1

[Event "17PCR_ZK14"]
[Site "?"]
[Date "2007.??.??"]
[Round "?"]
[White "Stalmach, Kamil"]
[Black "Luksa, Ales"]
[Result "1-0"]
[WhiteElo "2397"]
[BlackElo "1800"]
[PlyCount "49"]
[EventDate "2007.??.??"]
[EventType "corr"]
[EventRounds "2"]
[SourceDate "2007.06.28"]

1. e4 c5 2. Nf3 Nc6 3. d4 cxd4 4. Nxd4 Nf6 5. Nc3 e5 6. Ndb5 d6 7. Bg5 a6 8.
Na3 b5 9. Bxf6 gxf6 10. Nd5 f5 11. c3 Bg7 12. exf5 Bxf5 13. Nc2 O-O 14. Nce3
Be6 15. Bd3 f5 16. O-O e4 17. Nf4 Bf7 18. Bc2 Be5 19. Nfd5 Qh4 20. g3 Qh3 21.
f4 Bg7 22. Bb3 Ra7 23. a4 Rb8 24. axb5 Rxb5 25. Rf2 1-0

[Event "17PCR_ZK14"]
[Site "?"]
[Date "2007.??.??"]
[Round "?"]
[White "Luksa, Ales"]
[Black "Stalmach, Kamil"]
[Result "0-1"]
[WhiteElo "1800"]
[BlackElo "2397"]
[PlyCount "40"]
[EventDate "2007.??.??"]
[EventType "corr"]
[EventRounds "2"]
[SourceDate "2007.06.28"]

1. e4 c5 2. c3 Nf6 3. e5 Nd5 4. d4 cxd4 5. cxd4 d6 6. Nf3 Nc6 7. Bc4 Nb6 8. Bb3
dxe5 9. d5 Na5 10. Nc3 f6 11. Be3 Bd7 12. Bc2 g6 13. O-O Nac4 14. Bc1 Bg7 15.
Re1 O-O 16. Qe2 Rc8 17. Bb3 Nd6 18. Be3 Nbc4 19. Rac1 Nxe3 20. fxe3 Qa5 0-1

[Event "17PCR_ZK14"]
[Site "?"]
[Date "2007.??.??"]
[Round "?"]
[White "Luksa, Ales"]
[Black "Necesany, Zdenek"]
[Result "0-1"]
[WhiteElo "1800"]
[BlackElo "2188"]
[PlyCount "38"]
[EventDate "2007.??.??"]
[EventType "corr"]
[EventRounds "2"]
[SourceDate "2007.06.28"]

1. e4 e6 2. d4 d5 3. e5 c5 4. c3 Qb6 5. Nf3 Bd7 6. a3 a5 7. b3 Na6 8. Bd3 Bb5
9. Bxb5+ Qxb5 10. a4 Qb6 11. O-O cxd4 12. Nxd4 Bc5 13. Be3 Ne7 14. Na3 O-O 15.
Nab5 Nc6 16. Qh5 Nc7 17. Nxc6 Qxc6 18. Nd4 Qb6 19. Rad1 f5 0-1

[Event "17PCR_ZK14"]
[Site "?"]
[Date "2007.??.??"]
[Round "?"]
[White "Jezek, Otakar"]
[Black "Luksa, Ales"]
[Result "1-0"]
[WhiteElo "1867"]
[BlackElo "1800"]
[PlyCount "39"]
[EventDate "2007.??.??"]
[EventType "corr"]
[EventRounds "2"]
[SourceDate "2007.06.28"]

1. e4 c5 2. Nc3 g6 3. d4 cxd4 4. Qxd4 Nf6 5. Be2 Nc6 6. Qc4 Bg7 7. Nf3 d6 8.
O-O O-O 9. Nd5 Bg4 10. c3 Bxf3 11. Bxf3 Ne5 12. Nxf6+ Bxf6 13. Qe2 Qb6 14. Bg4
Nxg4 15. Qxg4 Rac8 16. Qe2 Rc5 17. Be3 Qb5 18. Qc2 Rc7 19. a4 Qa6 20. a5 1-0

[Event "17PCR_ZK14"]
[Site "?"]
[Date "2007.??.??"]
[Round "?"]
[White "Luksa, Ales"]
[Black "Jezek, Otakar"]
[Result "0-1"]
[WhiteElo "1800"]
[BlackElo "1867"]
[PlyCount "36"]
[EventDate "2007.??.??"]
[EventType "corr"]
[EventRounds "2"]
[SourceDate "2007.06.28"]

1. e4 e5 2. Nf3 Nf6 3. Nxe5 Qe7 4. Nf3 Qxe4+ 5. Be2 Be7 6. d4 O-O 7. O-O d5 8.
Re1 Qe6 9. Bd3 Qd6 10. Nc3 Re8 11. Bg5 c6 12. Qd2 Bg4 13. Ne5 Nbd7 14. Qf4 Be6
15. Re3 Nh5 16. Qh4 Bxg5 17. Qxg5 g6 18. Nf3 Nf4 0-1

[Event "17PCR_ZK14"]
[Site "?"]
[Date "2007.??.??"]
[Round "?"]
[White "Dirgas, Josef"]
[Black "Stalmach, Kamil"]
[Result "1/2-1/2"]
[WhiteElo "2000"]
[BlackElo "2397"]
[PlyCount "78"]
[EventDate "2007.??.??"]
[EventType "corr"]
[EventRounds "2"]
[SourceDate "2007.06.28"]

1. e4 c5 2. Nf3 d6 3. d4 cxd4 4. Nxd4 Nf6 5. Nc3 a6 6. Be3 e5 7. Nf3 Be7 8. Bc4
O-O 9. O-O Nc6 10. a3 Be6 11. Qd3 b5 12. Bxe6 fxe6 13. Rfd1 Rc8 14. h3 Na5 15.
Qe2 Nc4 16. Bc1 Qe8 17. b3 Na5 18. Qd3 Nc6 19. Bb2 Qg6 20. Nh4 Qh6 21. Nf3 Nd7
22. Nb1 Qg6 23. Nbd2 Nc5 24. Qe3 Rf4 25. Re1 Rcf8 26. Re2 Qh5 27. Rd1 g5 28. b4
Na4 29. Ba1 g4 30. hxg4 Rxg4 31. Nf1 Qg6 32. Ne1 Rf7 33. Nh2 Rgf4 34. Nef3 h5
35. Kh1 Rg7 36. Rg1 Rf8 37. g3 Rc8 38. Ree1 Kh7 39. Rg2 Qh6 1/2-1/2

[Event "17PCR_ZK14"]
[Site "?"]
[Date "2007.??.??"]
[Round "?"]
[White "Necesany, Zdenek"]
[Black "Dirgas, Josef"]
[Result "0-1"]
[WhiteElo "2188"]
[BlackElo "2000"]
[PlyCount "76"]
[EventDate "2007.??.??"]
[EventType "corr"]
[EventRounds "2"]
[SourceDate "2007.06.28"]

1. c4 Nf6 2. Nc3 e5 3. Nf3 Nc6 4. g3 d5 5. cxd5 Nxd5 6. Bg2 Nb6 7. a3 Be7 8.
O-O O-O 9. b4 Be6 10. d3 f5 11. Bb2 a6 12. e3 Qd7 13. Qc2 Rad8 14. Rfd1 Bf6 15.
Rab1 Kh8 16. Ba1 Bf7 17. Rbc1 Bh5 18. Ne2 Rfe8 19. d4 e4 20. Ne5 Bxe5 21. dxe5
Nd5 22. Rxd5 Qxd5 23. Nf4 Bd1 24. Nxd5 Bxc2 25. Nxc7 Re7 26. Nxa6 Rd1+ 27. Rxd1
Bxd1 28. b5 Nxe5 29. Nb4 Nc4 30. Bh3 Rc7 31. Bxf5 Nxa3 32. Bb2 Nxb5 33. Be6 Rc5
34. h3 Nc7 35. Bd7 Bf3 36. g4 Rc4 37. Na2 Rc2 38. Be5 Nd5 0-1

[Event "17PCR_ZK14"]
[Site "?"]
[Date "2007.??.??"]
[Round "?"]
[White "Zednik, Martin"]
[Black "Dirgas, Josef"]
[Result "0-1"]
[WhiteElo "2076"]
[BlackElo "2000"]
[PlyCount "92"]
[EventDate "2007.??.??"]
[EventType "corr"]
[EventRounds "2"]
[SourceDate "2007.06.28"]

1. c4 e5 2. Nc3 Nf6 3. Nf3 Nc6 4. g3 d5 5. cxd5 Nxd5 6. Bg2 Nb6 7. O-O Be7 8.
a3 O-O 9. b4 Be6 10. Rb1 f6 11. d3 a5 12. b5 Nd4 13. Nxd4 exd4 14. Na4 Bd5 15.
Bxd5+ Qxd5 16. Nxb6 cxb6 17. a4 Rfd8 18. e4 dxe3 19. Bxe3 Bc5 20. Qb3 Rac8 21.
Qxd5+ Rxd5 22. Rb3 Bxe3 23. fxe3 Rdc5 24. Kg2 Rc3 25. Rxc3 Rxc3 26. Rd1 Kf7 27.
Kf3 Ke6 28. d4 f5 29. h3 g5 30. Ra1 Kd5 31. Ra2 Rc1 32. Rf2 Rc4 33. Ra2 Rc1 34.
Rf2 Ra1 35. g4 fxg4+ 36. hxg4 Rxa4 37. Rh2 Ra1 38. Rxh7 a4 39. Rxb7 a3 40. Ra7
a2 41. Kf2 Kc4 42. d5 Kxd5 43. Ra4 Kc5 44. e4 Kxb5 45. Ra8 Kc4 46. e5 Kb3 0-1

[Event "17PCR_ZK14"]
[Site "?"]
[Date "2007.??.??"]
[Round "?"]
[White "Dirgas, Josef"]
[Black "Zednik, Martin"]
[Result "1-0"]
[WhiteElo "2000"]
[BlackElo "2076"]
[PlyCount "89"]
[EventDate "2007.??.??"]
[EventType "corr"]
[EventRounds "2"]
[SourceDate "2007.06.28"]

1. e4 e5 2. Nf3 Nc6 3. Bb5 a6 4. Ba4 Nf6 5. O-O Be7 6. Re1 b5 7. Bb3 O-O 8. c3
d6 9. h3 Bb7 10. d4 Re8 11. Nbd2 Bf8 12. d5 Ne7 13. Nf1 h6 14. N3h2 c5 15. a4
Ng6 16. Ng3 Qd7 17. Bc2 Nh7 18. Ng4 Kh8 19. b3 Be7 20. Nf5 Bg5 21. Bxg5 Nxg5
22. Nge3 Nh7 23. Qf3 Rec8 24. h4 Rg8 25. g3 Rab8 26. axb5 axb5 27. Ra7 Ne7 28.
Rea1 Nc8 29. R7a5 Ne7 30. Bd3 Nxf5 31. Nxf5 Qd8 32. Rxb5 Ra8 33. Rxa8 Bxa8 34.
b4 cxb4 35. cxb4 Qc7 36. Ra5 g6 37. Ne3 Kg7 38. Nc4 Nf6 39. Qe3 Bb7 40. Qb6
Qxb6 41. Nxb6 Rd8 42. Ra7 Rb8 43. Nc4 Ne8 44. b5 Kf8 45. b6 1-0

[Event "17PCR_ZK14"]
[Site "?"]
[Date "2007.??.??"]
[Round "?"]
[White "Zednik, Martin"]
[Black "Stalmach, Kamil"]
[Result "0-1"]
[WhiteElo "2076"]
[BlackElo "2397"]
[PlyCount "76"]
[EventDate "2007.??.??"]
[EventType "corr"]
[EventRounds "2"]
[SourceDate "2007.06.28"]

1. c4 Nf6 2. Nc3 e5 3. Nf3 Nc6 4. g3 Nd4 5. Bg2 Nxf3+ 6. Bxf3 Bb4 7. Qb3 Bc5 8.
d3 c6 9. g4 d6 10. g5 Nd7 11. Ne4 O-O 12. h4 Bd4 13. Qa3 d5 14. cxd5 cxd5 15.
Nc3 Bc5 16. b4 Bd4 17. Rb1 e4 18. dxe4 dxe4 19. Bxe4 Re8 20. Bb2 Nb6 21. Qb3
Be6 22. Qc2 Nc4 23. e3 Be5 24. Rc1 Nxb2 25. Qxb2 Rc8 26. f4 Qb6 27. Kf2 Bxf4
28. Qe2 Bb8 29. Qb5 Qc7 30. Ne2 Bc4 31. Qf5 g6 32. Qf3 Qe5 33. Rxc4 Rxc4 34.
Bd5 Rc7 35. e4 Rd7 36. a3 a6 37. Kf1 Rxd5 38. exd5 Qb2 0-1

[Event "17PCR_ZK14"]
[Site "?"]
[Date "2007.??.??"]
[Round "?"]
[White "Jezek, Otakar"]
[Black "Necesany, Zdenek"]
[Result "0-1"]
[WhiteElo "1867"]
[BlackElo "2188"]
[PlyCount "129"]
[EventDate "2007.??.??"]
[EventType "corr"]
[EventRounds "2"]
[SourceDate "2007.06.28"]

1. e4 e5 2. Nf3 Nc6 3. Bb5 Nf6 4. d3 Bc5 5. O-O d6 6. c3 O-O 7. d4 Bb6 8. Bg5
exd4 9. Bxc6 bxc6 10. cxd4 h6 11. Bxf6 Qxf6 12. Qd3 Bg4 13. Nbd2 c5 14. e5 Qf5
15. Qxf5 Bxf5 16. d5 Rad8 17. Rfe1 dxe5 18. Rxe5 Bd3 19. b3 f6 20. Rh5 Bg6 21.
Rh4 Rxd5 22. h3 Rfd8 23. Nc4 Rd1+ 24. Rxd1 Rxd1+ 25. Kh2 Rf1 26. Kg3 Ra1 27. a3
Bc2 28. Nfd2 g5 29. Rxh6 Kg7 30. Rh5 Bg6 31. Kg4 Ra2 32. h4 c6 33. Rxg5 fxg5
34. Kxg5 Bd8+ 35. Kg4 Bf7 36. Kg3 Rc2 37. f3 Kh6 38. f4 Kh5 39. Ne5 Rxd2 40.
Nxf7 Rd3+ 41. Kh2 Bxh4 42. g4+ Kxg4 43. Ne5+ Kxf4 44. Nxd3+ Kf5 45. Nxc5 Be7
46. Nb7 Bxa3 47. Na5 c5 48. Kg3 Ke4 49. Nc6 a6 50. Kg4 Kd3 51. Kf5 Kc3 52. Ke5
Bb4 53. Kd5 Kxb3 54. Kd6 c4+ 55. Kd5 c3 56. Nd4+ Kb2 57. Kc4 Be7 58. Kd3 a5 59.
Kc4 a4 60. Kd3 a3 61. Nc2 a2 62. Na1 Kxa1 63. Kxc3 Kb1 64. Kc4 a1=Q 65. Kd5 0-1

[Event "17PCR_ZK14"]
[Site "?"]
[Date "2007.??.??"]
[Round "?"]
[White "Necesany, Zdenek"]
[Black "Luksa, Ales"]
[Result "1-0"]
[WhiteElo "2188"]
[BlackElo "1800"]
[PlyCount "60"]
[EventDate "2007.??.??"]
[EventType "corr"]
[EventRounds "2"]
[SourceDate "2007.06.28"]

1. c4 Nf6 2. d4 e5 3. dxe5 Ng4 4. Bf4 Nc6 5. Nf3 Bb4+ 6. Nbd2 Qe7 7. e3 Ngxe5
8. Nxe5 Nxe5 9. Be2 O-O 10. O-O Ng6 11. Bg3 Bd6 12. Bxd6 Qxd6 13. Ne4 Qe7 14.
Nc3 d6 15. Nd5 Qd8 16. Qd4 Re8 17. Rad1 Bf5 18. Nc3 Qe7 19. Rfe1 b6 20. e4 Be6
21. b3 Qg5 22. Bf1 Rac8 23. Qd2 Qc5 24. Ra1 c6 25. g3 Rcd8 26. Bg2 h5 27. h4
Bg4 28. a3 Qe5 29. Rac1 Nf8 30. f3 Bxf3 1-0

[Event "17PCR_ZK14"]
[Site "?"]
[Date "2007.??.??"]
[Round "?"]
[White "Stalmach, Kamil"]
[Black "Necesany, Zdenek"]
[Result "1-0"]
[WhiteElo "2397"]
[BlackElo "2188"]
[PlyCount "85"]
[EventDate "2007.??.??"]
[EventType "corr"]
[EventRounds "2"]
[SourceDate "2007.06.28"]

1. e4 c5 2. Nf3 e6 3. d4 cxd4 4. Nxd4 Nc6 5. Nc3 Qc7 6. Be3 a6 7. Qd2 Nf6 8.
O-O-O Bb4 9. f3 Ne5 10. Nb3 b5 11. Kb1 Nc4 12. Bxc4 bxc4 13. Nc1 Rb8 14. N1e2
O-O 15. Bf4 e5 16. Bg5 Ne8 17. Ka1 d6 18. a3 a5 19. axb4 axb4 20. Na2 Qa7 21.
Qe3 Qa6 22. Be7 b3 23. cxb3 cxb3 24. Nec1 Be6 25. Rd3 bxa2 26. b3 Rb6 27. Rhd1
f5 28. Bxf8 Kxf8 29. exf5 Bxf5 30. R3d2 Qb7 31. Rxa2 Kg8 32. f4 e4 33. Ra5 Be6
34. Rd4 d5 35. Rda4 Bf7 36. Ra8 Rg6 37. g3 Qb5 38. Ne2 Rh6 39. h4 Rb6 40. Kb2
Rb7 41. Nd4 Qf1 42. Qc3 h6 43. Qc6 1-0

[Event "17PCR_ZK14"]
[Site "?"]
[Date "2007.??.??"]
[Round "?"]
[White "Necesany, Zdenek"]
[Black "Stalmach, Kamil"]
[Result "0-1"]
[WhiteElo "2188"]
[BlackElo "2397"]
[PlyCount "80"]
[EventDate "2007.??.??"]
[EventType "corr"]
[EventRounds "2"]
[SourceDate "2007.06.28"]

1. c4 Nf6 2. d4 e6 3. Nc3 Bb4 4. a3 Bxc3+ 5. bxc3 c5 6. f3 d6 7. e4 Nc6 8. Be3
b6 9. Bd3 Na5 10. Nh3 e5 11. Nf2 O-O 12. O-O Nh5 13. d5 Nf4 14. Bxf4 exf4 15.
g3 Qf6 16. Rc1 h5 17. Kh1 Bd7 18. Rg1 Rfe8 19. g4 Qh4 20. Qe2 f6 21. gxh5 Qxh5
22. Rg2 Kf7 23. Rcg1 g5 24. Qc2 Re7 25. Ng4 Rh8 26. Rf1 Bxg4 27. Rxg4 b5 28.
Rg2 Nxc4 29. Bxc4 bxc4 30. Qe2 Rb8 31. Qxc4 Qh3 32. Qa2 Reb7 33. Kg1 Rb3 34.
Qa1 g4 35. fxg4 Qe3+ 36. Rgf2 Rg8 37. Qd1 Rxc3 38. a4 a5 39. Qf3 Qxf3 40. Rxf3
Rxg4+ 0-1

[Event "17PCR_ZK14"]
[Site "?"]
[Date "2007.??.??"]
[Round "?"]
[White "Dirgas, Josef"]
[Black "Necesany, Zdenek"]
[Result "1-0"]
[WhiteElo "2000"]
[BlackElo "2188"]
[PlyCount "99"]
[EventDate "2007.??.??"]
[EventType "corr"]
[EventRounds "2"]
[SourceDate "2007.06.28"]

1. e4 c5 2. Nf3 Nc6 3. Nc3 d6 4. d4 cxd4 5. Nxd4 e5 6. Nxc6 bxc6 7. Bc4 Nf6 8.
O-O Be7 9. Qd3 O-O 10. Be3 Be6 11. Rad1 Qc7 12. Bg5 Rad8 13. Bxe6 fxe6 14. Qh3
Qd7 15. Rfe1 h6 16. Bc1 Nh7 17. Na4 Rf6 18. b3 Qe8 19. Nb2 Rg6 20. Nc4 Qf8 21.
Re2 Qf6 22. Qc3 Qf8 23. Kh1 Ng5 24. Na5 c5 25. Bxg5 Rxg5 26. Qc4 Qf7 27. Red2
Rd7 28. Kg1 Bf8 29. g3 Qg6 30. Qe2 Rg4 31. f3 Rf4 32. Nc4 Rdf7 33. Rf1 h5 34.
Nxd6 Bxd6 35. Rxd6 h4 36. Kg2 Rf8 37. Rd7 R4f7 38. Rxf7 Qxf7 39. Qb5 Qe7 40.
Rd1 g5 41. h3 Qf6 42. Rd3 Qe7 43. Qd7 Re8 44. Qc6 Rf8 45. c4 Qf6 46. Qxc5 a6
47. Qd6 Kf7 48. c5 hxg3 49. Qd7+ Kg6 50. Kxg3 1-0

[Event "17PCR_ZK14"]
[Site "?"]
[Date "2007.??.??"]
[Round "?"]
[White "Stalmach, Kamil"]
[Black "Dirgas, Josef"]
[Result "1-0"]
[WhiteElo "2397"]
[BlackElo "2000"]
[PlyCount "155"]
[EventDate "2007.??.??"]
[EventType "corr"]
[EventRounds "2"]
[SourceDate "2007.06.28"]

1. e4 e5 2. Nf3 Nc6 3. Bb5 a6 4. Ba4 Nf6 5. O-O Be7 6. Re1 b5 7. Bb3 d6 8. c3
O-O 9. h3 Na5 10. Bc2 c5 11. d4 Qc7 12. Nbd2 cxd4 13. cxd4 Nc6 14. Nb3 a5 15.
Be3 a4 16. Nbd2 Bd7 17. Rc1 Qb7 18. Nf1 Rfc8 19. Ng3 g6 20. Qe2 exd4 21. Nxd4
Ne5 22. Bb1 h5 23. Bg5 Rxc1 24. Rxc1 Qb6 25. Rd1 b4 26. Nf1 Re8 27. Ne3 Qc5 28.
Bh4 Bd8 29. Bg3 Bb6 30. Kh1 a3 31. Bh4 Bd8 32. bxa3 Ba4 33. Nb3 Bxb3 34. axb3
bxa3 35. b4 Qc6 36. f3 Be7 37. Be1 Rb8 38. Ba2 Kg7 39. f4 Ned7 40. e5 dxe5 41.
fxe5 Ng8 42. Nd5 Nf8 43. Qf3 Ne6 44. Qxa3 Bg5 45. Qf3 Rc8 46. Qe2 Qc2 47. Qxc2
Rxc2 48. Bb1 Rc8 49. b5 Ne7 50. Nxe7 Bxe7 51. Bf2 Rb8 52. Bd3 Bc5 53. Bxc5 Nxc5
54. Bc4 Rb7 55. Rf1 Ne4 56. Kh2 f5 57. Ra1 Nd2 58. Be2 Nb3 59. Ra6 Nc5 60. Ra8
Re7 61. b6 Rxe5 62. Bf3 Re6 63. Ra5 Rxb6 64. Rxc5 Rb4 65. Kg3 h4+ 66. Kf2 Kh6
67. Bd5 Ra4 68. Rc6 Ra7 69. Ke3 Kg5 70. Kd4 Re7 71. Rb6 Re2 72. Bf7 Re7 73.
Bxg6 Rd7+ 74. Kc5 Re7 75. Rd6 Re5+ 76. Kc6 Re7 77. Kd5 Re2 78. Bf7 1-0

[Event "17PCR_ZK14"]
[Site "?"]
[Date "2007.??.??"]
[Round "?"]
[White "Stalmach, Kamil"]
[Black "Zednik, Martin"]
[Result "1-0"]
[WhiteElo "2397"]
[BlackElo "2076"]
[PlyCount "93"]
[EventDate "2007.??.??"]
[EventType "corr"]
[EventRounds "2"]
[SourceDate "2007.06.28"]

1. e4 e5 2. Nf3 Nc6 3. Bb5 a6 4. Ba4 Nf6 5. O-O Be7 6. Re1 b5 7. Bb3 O-O 8. h3
Bb7 9. d3 d6 10. a3 Na5 11. Ba2 c5 12. Nbd2 Bc8 13. c3 Be6 14. Bxe6 fxe6 15. b4
Nc6 16. Qb3 Qd7 17. bxc5 dxc5 18. a4 Rab8 19. axb5 axb5 20. Ng5 Nd8 21. Ndf3
Qxd3 22. Nxe5 Qd6 23. Bf4 Nh5 24. Red1 c4 25. Qc2 Qc7 26. Rd7 Qc5 27. Be3 Qxe5
28. Rxe7 h6 29. Raa7 b4 30. Qd1 bxc3 31. f4 Nxf4 32. Nf3 Nxh3+ 33. Kh1 Nf2+ 34.
Bxf2 Qh5+ 35. Kg1 Rf7 36. Bd4 Qb5 37. Rxf7 Nxf7 38. Bxc3 Qb1 39. Qxb1 Rxb1+ 40.
Kh2 Rb3 41. Bd4 g5 42. Rc7 Nd6 43. Ne5 Nb5 44. Rc8+ Kh7 45. Bc5 c3 46. Rd8 Kg7
47. Rd7+ 1-0